| 000 | 00775nam a2200253 a 4500 | ||
|---|---|---|---|
| 008 | |||
| 020 | _a0395674042 (pbk.) | ||
| 049 | _aMAIN | ||
| 090 |
_aP90 _bDEF |
||
| 100 | 1 | _aDeFleur, Melvin L. | |
| 245 | 1 | 0 |
_aUnderstanding mass communication : _ba liberal arts perspective / _cMelvin L. DeFleur, Everette E. Dennis. |
| 250 | _a5th ed. | ||
| 260 |
_aBoston : _bHoughton Mifflin, _cc1994. |
||
| 300 |
_ax, 646 p. : _bill. ; _c24 cm. |
||
| 504 | _aIncludes bibliographical references. | ||
| 500 | _aIncludes index. | ||
| 650 | 0 |
_aMass media _zUnited States. |
|
| 700 | 1 | _aDennis, Everette E. | |
| 907 |
_a.b10029588 _b01-12-11 _c17-04-03 |
||
| 003 | |||
| 005 | 20230123125343.0 | ||
| 040 | _cNUST | ||
| 942 |
_cBOOKS _kP90 _mDEF |
||
| 999 |
_c140059 _d140059 |
||